000 00480nam a2200133 a 4500
082 _a323.39710954
_bCHA
100 0 _aKailash Chandra,
245 1 0 _aJinnah and the communal problem in India
260 _aDelhi :
_bAnmol Publications (India) :
_bDistributed by Anupama Publishers Distributors,
_c1986.
300 _aiv, 277 p., [1] leaf of plates :
_bill. ;
500 _aReprint. Originally published under the title: Tragedy of Jinnah.
500 _aIncludes index.
942 _cBK
999 _c21200
_d21200